PHARMACEUTICS - I ( PRACTICAL NOTEBOOK) : for 1st year diploma in pharmacy (Record no. 6010)

MARC details
000 -LEADER
fixed length control field 00433nam a22001457a 4500
005 - DATE AND TIME OF LATEST TRANSACTION
control field 20190918101430.0
008 - FIXED-LENGTH DATA ELEMENTS--GENERAL INFORMATION
fixed length control field 190918b xxu||||| |||| 00| 0 eng d
020 ## - INTERNATIONAL STANDARD BOOK NUMBER
ISBN 81-239-0683-8
041 ## - LANGUAGE CODE
Language code of text/sound track or separate title eng
100 ## - MAIN ENTRY--AUTHOR NAME
Personal name GUPTA, A. AND JAIN, V.K.
245 ## - TITLE STATEMENT
Title PHARMACEUTICS - I ( PRACTICAL NOTEBOOK) : for 1st year diploma in pharmacy
260 ## - PUBLICATION, DISTRIBUTION, ETC. (IMPRINT)
Place of publication NEW DELHI
Name of publisher CBS .PUBLISHERS AND DISTRIBUTORS PVT . LTD
300 ## - PHYSICAL DESCRIPTION
Number of Pages 97p,
942 ## - ADDED ENTRY ELEMENTS (KOHA)
Koha item type Books
Holdings
Lost status Damaged status Collection code Home library Current library Shelving location Date acquired Source of acquisition Cost, normal purchase price Accession Number Koha item type Full call number
    PHARMACY JRU Library JRU Library SHELF-4-C 18/09/2019 PURCHESS 295.00 23571 Books  
    PHARMACY JRU Library JRU Library Shelf - 27- A 18/09/2019 PURCHESS 295.00 23572 Books 615.1
    PHARMACY JRU Library JRU Library Shelf - 27- A 18/09/2019 PURCHESS 295.00 23573 Books 615.1
    PHARMACY JRU Library JRU Library Shelf - 27- A 18/09/2019 PURCHESS 295.00 23574 Books 615.1